000 00910cam a2200289Mi 4500
001 45331
005 20230410115416.0
008 041027s2003 sp b 000 0 spa d
035 _a(OCoLC)ocm57060137
040 _aPL#
_bspa
_cPL#
_dOCLCQ
_dDRFGD
020 _a8483383969
020 _a9788483383964
050 1 4 _aHD 4901
_bC837i 2003
100 1 _aCosta Vallés, Manuel.
245 1 0 _aIntroducción a la economía laboral /
_cManel Costa Vallés.
250 _a2a. ed.
260 _aBarcelona :
_bEdicions Universitat de Barcelona,
_c2003.
300 _a166 p. :
_bil. ;
_c30 cm.
440 0 _aTextos docents / Universitat de Barcelona.
_pText-guia ;
_v180
504 _aBibliografía al final de cada capítulo.
650 0 _aLabor and laboring classes
650 4 _aTrabajo, Economía del.
653 _aEconomía del trabajo.
942 _2lcc
_cbk
946 _almminaya
994 _aC0
_bDRFGD
999 _c40560
_d40560